[Event "Oberliga Baden 0809"]
[Site "Germany"]
[Date "2009.03.29"]
[Round "9.3"]
[White "Brecht, Anselm"]
[Black "Libiszewski, Fabien"]
[Result "0-1"]
[WhiteElo "2265"]
[BlackElo "2487"]
[PlyCount "62"]
[EventDate "2008.10.05"]
[EventType "team-tourn"]
[EventRounds "9"]
[EventCountry "GER"]
[SourceTitle "EXT 2010"]
[Source "ChessBase"]
[SourceDate "2010.11.25"]
[SourceVersion "1"]
[SourceVersionDate "2010.11.25"]
[SourceQuality "1"]
[WhiteTeam "Kirchheim II"]
[BlackTeam "Viernheim"]
[WhiteTeamCountry "GER"]
[BlackTeamCountry "GER"]

1. g3 e5 2. c4 Nf6 3. Bg2 h6 4. Nf3 e4 5. Nd4 d5 6. cxd5 Qxd5 7. Nb3 Qh5 8. h3 Nc6 9. Nc3 Qg6 10. Nb5 Bd6 11. Nxd6+ cxd6 12. d4 exd3 13. 0-0 Bf5 14. exd3 0-0 15. Bf4 Bxd3 16. Re1 Rfd8 17. Rc1 Rac8 18. Qd2 Be4 19. Na5 Bxg2 20. Kxg2 Ne4 21. Nxc6 bxc6 22. Qa5 Nc5 23. Rc4 Nd3 24. Re7 d5 25. Ra4 Nxb2 26. Rb4 Nd3 27. Ra4 d4 28. Bc7 Re8 29. Rxe8+ Rxe8 30. Qd2 Ne1+ 31. Kf1 Qe4 0-1

[Event "Oberliga Baden 0809"]
[Site "Germany"]
[Date "2009.03.01"]
[Round "7.3"]
[White "Brecht, Anselm"]
[Black "Genzling, Alain"]
[Result "1/2-1/2"]
[WhiteElo "2265"]
[BlackElo "2335"]
[PlyCount "133"]
[EventDate "2008.10.05"]
[EventType "team-tourn"]
[EventRounds "9"]
[EventCountry "GER"]
[SourceTitle "EXT 2010"]
[Source "ChessBase"]
[SourceDate "2010.11.25"]
[SourceVersion "1"]
[SourceVersionDate "2010.11.25"]
[SourceQuality "1"]
[WhiteTeam "Kirchheim II"]
[BlackTeam "Baden-Baden III"]
[WhiteTeamCountry "GER"]
[BlackTeamCountry "GER"]

1. Nf3 Nf6 2. c4 c5 3. b3 g6 4. Bb2 Bg7 5. g3 b6 6. Bg2 Bb7 7. 0-0 0-0 8. Nc3 e6 9. Rc1 d5 10. cxd5 Nxd5 11. d4 Na6 12. e3 Rc8 13. Qe2 Nab4 14. Rfd1 Ba6 15. Qd2 Nd3 16. Bf1 Nxb2 17. Qxb2 Nxc3 18. Rxc3 Bxf1 19. Rxf1 Qd5 20. Qe2 cxd4 21. Rxc8 Rxc8 22. Nxd4 Bxd4 23. exd4 Qxd4 24. Rd1 Qc3 25. h4 h5 26. Rd7 Rc7 27. Rd8+ Kg7 28. Qe4 Qf6 29. Rd2 Rc5 30. Kg2 Qe5 31. Qf3 Rd5 32. Re2 Qf6 33. Qe3 Qd4 34. Qc1 Rc5 35. Qb1 Qd5+ 36. Kh2 e5 37. Qe1 Qd6 38. Re3 Qc7 39. Rd3 Rc1 40. Qe3 Qc5 41. Qe2 Rc2 42. Rd2 Rxd2 43. Qxd2 Qd4 44. Qc2 b5 45. Kg2 a5 46. Qc6 b4 47. Qa8 Qc5 48. Kg1 Qc7 49. Qd5 f5 50. Kg2 e4 51. Qd4+ Kf7 52. Qh8 Qc6 53. Kg1 Ke6 54. Qd8 Qd6 55. Qe8+ Kf6 56. Qh8+ Ke7 57. Qg7+ Kd8 58. Kg2 Kc8 59. Qa7 Qd5 60. Kg1 Qb5 61. Qf7 Qb6 62. Qe8+ Kc7 63. Qf7+ Kb8 64. Qe8+ Kb7 65. Qf7+ Ka6 66. Qc4+ Kb7 67. Qf7+ 1/2-1/2

[Event "Oberliga Baden 0809"]
[Site "Germany"]
[Date "2009.01.18"]
[Round "5.2"]
[White "Neubauer, Martin"]
[Black "Brecht, Anselm"]
[Result "1-0"]
[WhiteElo "2422"]
[BlackElo "2265"]
[PlyCount "78"]
[EventDate "2008.10.05"]
[EventType "team-tourn"]
[EventRounds "9"]
[EventCountry "GER"]
[SourceTitle "EXT 2010"]
[Source "ChessBase"]
[SourceDate "2010.11.25"]
[SourceVersion "1"]
[SourceVersionDate "2010.11.25"]
[SourceQuality "1"]
[WhiteTeam "Hockenheim"]
[BlackTeam "Kirchheim II"]
[WhiteTeamCountry "GER"]
[BlackTeamCountry "GER"]

1. d4 Nf6 2. Nf3 e6 3. c4 Bb4+ 4. Bd2 Qe7 5. g3 Nc6 6. Nc3 Bxc3 7. Bxc3 Ne4 8. Rc1 0-0 9. Bg2 a5 10. 0-0 Nxc3 11. Rxc3 d6 12. d5 Nb4 13. a3 Na6 14. dxe6 fxe6 15. Nd4 e5 16. Nc2 a4 17. Nb4 Nc5 18. Nd3 Nb3 19. Nc1 Nc5 20. Nd3 Nb3 21. c5 Ra5 22. cxd6 cxd6 23. Nc1 Nc5 24. Qd2 Ra6 25. Nd3 Nb3 26. Qe3 Be6 27. f4 Ra5 28. fxe5 Rxf1+ 29. Bxf1 dxe5 30. Nxe5 Qf6 31. Nd3 h6 32. Bg2 Rb5 33. Nf4 Bd7 34. Bd5+ Kh7 35. Qd3+ Bf5 36. Qxb5 Qd4+ 37. Kg2 Be4+ 38. Bxe4+ Qxe4+ 39. Rf3 Nd4 1-0

[Event "BL2-West 0708"]
[Site "Germany"]
[Date "2008.04.20"]
[Round "9.5"]
[White "Brecht, Anselm"]
[Black "Schlawin, Marlon"]
[Result "1/2-1/2"]
[WhiteElo "2277"]
[BlackElo "2328"]
[PlyCount "26"]
[EventDate "2007.10.21"]
[EventType "team-tourn"]
[EventRounds "9"]
[EventCountry "GER"]
[SourceTitle "EXT 2009"]
[Source "ChessBase"]
[SourceDate "2008.11.26"]
[SourceVersion "1"]
[SourceVersionDate "2008.11.26"]
[SourceQuality "1"]
[WhiteTeam "Griesheim"]
[BlackTeam "Bochum SG"]
[WhiteTeamCountry "GER"]
[BlackTeamCountry "GER"]

1. Nf3 e6 2. g3 b6 3. Bg2 Bb7 4. 0-0 Nf6 5. b3 c5 6. Bb2 Be7 7. c4 0-0 8. Nc3 a6 9. d4 cxd4 10. Nxd4 Bxg2 11. Kxg2 Qc7 12. e4 Nc6 13. Nc2 Rfd8 1/2-1/2

[Event "BL2-West 0708"]
[Site "Germany"]
[Date "2008.04.06"]
[Round "8.6"]
[White "Brecht, Anselm"]
[Black "Kipper, Jens"]
[Result "0-1"]
[WhiteElo "2277"]
[BlackElo "2365"]
[PlyCount "98"]
[EventDate "2007.10.21"]
[EventType "team-tourn"]
[EventRounds "9"]
[EventCountry "GER"]
[SourceTitle "EXT 2009"]
[Source "ChessBase"]
[SourceDate "2008.11.26"]
[SourceVersion "1"]
[SourceVersionDate "2008.11.26"]
[SourceQuality "1"]
[WhiteTeam "Griesheim"]
[BlackTeam "Koeln Porz"]
[WhiteTeamCountry "GER"]
[BlackTeamCountry "GER"]

1. Nf3 Nf6 2. g3 d5 3. Bg2 c6 4. 0-0 Bg4 5. c4 e6 6. cxd5 exd5 7. Qb3 Qb6 8. Qc2 Nbd7 9. Nc3 h5 10. d3 Bd6 11. e4 Bxf3 12. Bxf3 d4 13. Nb1 h4 14. Nd2 Ne5 15. Bg2 hxg3 16. hxg3 Nfg4 17. Nc4 Nxc4 18. Qxc4 0-0-0 19. b4 Qxb4 20. Qxf7 Ne5 21. Qe6+ Kb8 22. a3 Qb5 23. Rd1 Rhe8 24. Qa2 Ng4 25. Qe2 Qh5 26. Ra2 Rf8 27. Bf3 Qh2+ 28. Kf1 Ne5 29. Bg2 Qxg3 30. Kg1 Qh4 31. f4 Ng4 32. Bf3 Ne3 33. Bxe3 dxe3 34. f5 g6 35. Qxe3 gxf5 36. Rg2 fxe4 37. Bxe4 Rg8 38. Kf1 Rxg2 39. Bxg2 Qh2 40. Rd2 Bg3 41. Qe7 Qh8 42. Be4 Rf8+ 43. Kg1 Bf4 44. Re2 Qa1+ 45. Kg2 Rg8+ 46. Kh3 Rg3+ 47. Kh4 Bg5+ 48. Qxg5 Rxg5 49. Kxg5 Qxa3 0-1

[Event "Oberliga Ost-B 0304"]
[Site "Germany"]
[Date "2004.04.24"]
[Round "10.7"]
[White "Brecht, Anselm"]
[Black "Schreiber, Kurt"]
[Result "1/2-1/2"]
[WhiteElo "2266"]
[BlackElo "2105"]
[PlyCount "39"]
[EventDate "2003.11.02"]
[EventType "team-tourn"]
[EventRounds "11"]
[EventCountry "GER"]
[SourceTitle "EXT 2005"]
[Source "ChessBase"]
[SourceDate "2004.11.15"]
[SourceVersion "1"]
[SourceVersionDate "2004.11.15"]
[SourceQuality "1"]
[WhiteTeam "Griesheim"]
[BlackTeam "Wiesbaden"]
[WhiteTeamCountry "GER"]
[BlackTeamCountry "GER"]

1. Nf3 Nf6 2. c4 d6 3. Nc3 g6 4. e4 Bg7 5. d4 0-0 6. Be2 Bg4 7. Be3 Bxf3 8. Bxf3 e5 9. d5 c6 10. 0-0 a6 11. b4 cxd5 12. cxd5 Nbd7 13. Qb3 Qe7 14. Be2 Rfc8 15. Rfc1 Qf8 16. f3 Bh6 17. Nd1 Bxe3+ 18. Qxe3 Qd8 19. Nb2 Qb6 20. Qxb6 1/2-1/2

[Event "Oberliga Ost-B 0203"]
[Site "Germany"]
[Date "2003.02.09"]
[Round "7.4"]
[White "Sieber, Stephan"]
[Black "Brecht, Anselm"]
[Result "1/2-1/2"]
[WhiteElo "2141"]
[BlackElo "2269"]
[PlyCount "28"]
[EventDate "2002.10.20"]
[EventType "team"]
[EventRounds "11"]
[EventCountry "GER"]
[SourceTitle "EXT 2004"]
[Source "ChessBase"]
[SourceDate "2003.11.25"]
[SourceVersion "1"]
[SourceVersionDate "2003.11.25"]
[SourceQuality "1"]
[WhiteTeam "Erfurt Empor"]
[BlackTeam "Griesheim"]
[WhiteTeamCountry "GER"]
[BlackTeamCountry "GER"]

1. e4 Nc6 2. c4 e5 3. Nc3 Nf6 4. Bd3 Bc5 5. Na4 Be7 6. Ne2 0-0 7. 0-0 d6 8. a3 Nh5 9. Bc2 f5 10. exf5 Bxf5 11. Bxf5 Rxf5 12. d4 Rf7 13. d5 Nb8 14. f4 Nd7 1/2-1/2

[Event "Oberliga Ost-B 0203"]
[Site "Germany"]
[Date "2002.12.15"]
[Round "4.5"]
[White "Malek, Daniel"]
[Black "Brecht, Anselm"]
[Result "1-0"]
[WhiteElo "2193"]
[BlackElo "2269"]
[PlyCount "77"]
[EventDate "2002.10.20"]
[EventType "team"]
[EventRounds "11"]
[EventCountry "GER"]
[SourceTitle "EXT 2004"]
[Source "ChessBase"]
[SourceDate "2003.11.25"]
[SourceVersion "1"]
[SourceVersionDate "2003.11.25"]
[SourceQuality "1"]
[WhiteTeam "Oberursel"]
[BlackTeam "Griesheim"]
[WhiteTeamCountry "GER"]
[BlackTeamCountry "GER"]

1. d4 Nf6 2. c4 e6 3. Nc3 d5 4. Nf3 Nbd7 5. Bf4 dxc4 6. e3 Nb6 7. Bxc4 Nxc4 8. Qa4+ Bd7 9. Qxc4 Bd6 10. 0-0 0-0 11. Bg5 h6 12. Bh4 Rc8 13. Ne5 Be7 14. Rfd1 c6 15. Rac1 Be8 16. Qb3 b6 17. a3 Qc7 18. Bg3 Nh5 19. Rd2 Nxg3 20. hxg3 Qb7 21. Ne4 Rd8 22. Rdc2 c5 23. Nxc5 Qd5 24. Qxd5 Rxd5 25. Ncd3 Bb5 26. Nf4 Rdd8 27. Rc7 Bd6 28. Rxa7 Bxe5 29. dxe5 Rd2 30. Rcc7 Rxb2 31. Nxe6 Re8 32. Nd4 Rxe5 33. g4 Be8 34. g3 g6 35. Kg2 Rb1 36. Kf3 Kf8 37. Ra8 Rc5 38. Rb7 b5 39. Ke4 1-0

[Event "Oberliga Ost-B 0203"]
[Site "Germany"]
[Date "2002.10.20"]
[Round "1.5"]
[White "Brecht, Anselm"]
[Black "Schlein, Julia"]
[Result "0-1"]
[WhiteElo "2269"]
[BlackElo "2112"]
[PlyCount "80"]
[EventDate "2002.10.20"]
[EventType "team"]
[EventRounds "11"]
[EventCountry "GER"]
[SourceTitle "EXT 2004"]
[Source "ChessBase"]
[SourceDate "2003.11.25"]
[SourceVersion "1"]
[SourceVersionDate "2003.11.25"]
[SourceQuality "1"]
[WhiteTeam "Griesheim"]
[BlackTeam "Steinbach"]
[WhiteTeamCountry "GER"]
[BlackTeamCountry "GER"]

1. Nf3 Nf6 2. c4 g6 3. Nc3 Bg7 4. e4 d6 5. d4 0-0 6. Be2 Nbd7 7. 0-0 e5 8. Bg5 h6 9. Bh4 c6 10. d5 c5 11. Nd2 Re8 12. a3 Nf8 13. b4 b6 14. Rb1 g5 15. Bg3 Ng6 16. Re1 Nf4 17. Nf1 h5 18. h3 Nxe2+ 19. Qxe2 h4 20. Bh2 g4 21. hxg4 Bxg4 22. Qd3 Nh5 23. Ne3 Qg5 24. Nxg4 Qxg4 25. bxc5 bxc5 26. Qe2 Qg6 27. Qf3 a6 28. Nd1 Bh6 29. Ne3 Bxe3 30. Rxe3 Nf6 31. Re2 Rab8 32. Qd3 h3 33. f3 Kh7 34. Kh1 Qh5 35. g4 Qg5 36. Bg3 Nh5 37. gxh5 Qxg3 38. Rg1 Qf4 39. Rh2 Rg8 40. Qf1 Rb1 0-1

[Event "Oberliga Ost-B 0102"]
[Site "Germany"]
[Date "2001.11.25"]
[Round "4.4"]
[White "Brecht, Anselm"]
[Black "Schmidt, Jan Peter"]
[Result "0-1"]
[WhiteElo "2264"]
[BlackElo "2296"]
[PlyCount "96"]
[EventDate "2001.10.07"]
[EventType "team"]
[EventRounds "11"]
[EventCountry "GER"]
[SourceTitle "EXT 2003"]
[Source "ChessBase"]
[SourceDate "2002.11.25"]
[SourceVersion "1"]
[SourceVersionDate "2002.11.25"]
[SourceQuality "1"]
[WhiteTeam "Griesheim"]
[BlackTeam "Schoeneck"]
[WhiteTeamCountry "GER"]
[BlackTeamCountry "GER"]

1. Nf3 Nf6 2. g3 g6 3. b3 Bg7 4. Bb2 0-0 5. Bg2 c5 6. c4 Nc6 7. 0-0 d6 8. Nc3 e5 9. d3 h6 10. e3 Bf5 11. e4 Be6 12. Nd5 Rb8 13. Ne1 b5 14. Qd2 Nd4 15. Bxd4 cxd4 16. f4 Ng4 17. Rc1 bxc4 18. dxc4 f5 19. Nc2 Qd7 20. Ncb4 Kh7 21. Qd3 a5 22. Nc2 Kh8 23. Rce1 Bxd5 24. cxd5 Rbc8 25. h3 Rc3 26. Qd2 Rfc8 27. hxg4 Rxc2 28. Qxa5 fxe4 29. f5 gxf5 30. Rxf5 e3 31. Be4 Rc1 32. Kg2 Rxe1 33. Qxe1 Qa7 34. Qe2 Qa5 35. Kh3 Qd2 36. Qf3 e2 37. Rf7 e1Q 38. Qf5 Qxe4 39. Qxe4 Rc2 40. g5 Qh2+ 41. Kg4 h5+ 42. Kf5 Rf2+ 43. Ke6 Rxf7 44. Kxf7 Qxg3 45. Qg6 Qf3+ 46. Ke6 d3 47. Qe8+ Bf8 48. g6 d2 0-1

[Event "BL2-Ost 0001"]
[Site "Germany"]
[Date "2001.04.29"]
[Round "9.3"]
[White "Brecht, Anselm"]
[Black "Schubert, Thomas"]
[Result "1/2-1/2"]
[WhiteElo "2273"]
[BlackElo "2319"]
[PlyCount "25"]
[EventDate "2000.10.15"]
[EventType "team-tourn"]
[EventRounds "9"]
[EventCountry "GER"]
[SourceTitle "CBM 082 Extra"]
[Source "ChessBase"]
[SourceDate "2001.07.03"]
[SourceVersion "1"]
[SourceVersionDate "2001.07.03"]
[SourceQuality "1"]
[WhiteTeam "Griesheim"]
[BlackTeam "Leipzig Lok Mitte"]
[WhiteTeamCountry "GER"]
[BlackTeamCountry "GER"]

1. Nf3 Nf6 2. g3 b6 3. Bg2 Bb7 4. 0-0 e6 5. d3 d5 6. Nbd2 Be7 7. e4 dxe4 8. dxe4 0-0 9. e5 Nfd7 10. Re1 a5 11. Nf1 Nc5 12. Bf4 Qxd1 13. Raxd1 1/2-1/2

[Event "BL2-Ost 0001"]
[Site "Germany"]
[Date "2001.03.11"]
[Round "7.4"]
[White "Suran, Jan"]
[Black "Brecht, Anselm"]
[Result "1/2-1/2"]
[WhiteElo "2332"]
[BlackElo "2273"]
[PlyCount "46"]
[EventDate "2000.10.15"]
[EventType "team-tourn"]
[EventRounds "9"]
[EventCountry "GER"]
[SourceTitle "CBM 082 Extra"]
[Source "ChessBase"]
[SourceDate "2001.07.03"]
[SourceVersion "1"]
[SourceVersionDate "2001.07.03"]
[SourceQuality "1"]
[WhiteTeam "Bamberg"]
[BlackTeam "Griesheim"]
[WhiteTeamCountry "GER"]
[BlackTeamCountry "GER"]

1. d4 d6 2. e4 g6 3. Nc3 c6 4. Nf3 Bg7 5. Be2 Nf6 6. 0-0 0-0 7. Re1 Qc7 8. Bf4 Nh5 9. Be3 e5 10. a4 Nf6 11. dxe5 dxe5 12. Qb1 Re8 13. h3 h6 14. Bc4 Be6 15. Bxe6 Rxe6 16. Nd2 Nbd7 17. Nc4 Bf8 18. b4 b5 19. Nd2 a5 20. axb5 Bxb4 21. Na2 Bxd2 22. Bxd2 cxb5 23. Qxb5 Qxc2 1/2-1/2

[Event "BL2-Ost 0001"]
[Site "Germany"]
[Date "2001.02.18"]
[Round "6.3"]
[White "Heidrich, Manfred"]
[Black "Brecht, Anselm"]
[Result "1/2-1/2"]
[WhiteElo "2414"]
[BlackElo "2273"]
[PlyCount "49"]
[EventDate "2000.10.15"]
[EventType "team-tourn"]
[EventRounds "9"]
[EventCountry "GER"]
[SourceTitle "CBM 082 Extra"]
[Source "ChessBase"]
[SourceDate "2001.07.03"]
[SourceVersion "1"]
[SourceVersionDate "2001.07.03"]
[SourceQuality "1"]
[WhiteTeam "Forchheim"]
[BlackTeam "Griesheim"]
[WhiteTeamCountry "GER"]
[BlackTeamCountry "GER"]

1. e4 c5 2. c3 g6 3. d4 cxd4 4. cxd4 d5 5. exd5 Nf6 6. Nc3 Bg7 7. Qb3 0-0 8. Be2 b6 9. Bf3 Bb7 10. Nge2 Na6 11. Bf4 Qd7 12. 0-0 Rfd8 13. Qa3 Bf8 14. Be5 Ne8 15. Qb3 Nac7 16. d6 Nxd6 17. Bxb7 Nxb7 18. Rfd1 Na5 19. Qc2 Rac8 20. Qe4 Nd5 21. Rac1 Nxc3 22. Nxc3 Nc4 23. Qe2 Bh6 24. Rb1 Qe6 25. Bg3 1/2-1/2

[Event "BL2-Ost 0001"]
[Site "Germany"]
[Date "2000.11.12"]
[Round "2.4"]
[White "Haensel, Thomas"]
[Black "Brecht, Anselm"]
[Result "1/2-1/2"]
[WhiteElo "2236"]
[BlackElo "2273"]
[PlyCount "23"]
[EventDate "2000.10.15"]
[EventType "team-tourn"]
[EventRounds "9"]
[EventCountry "GER"]
[SourceTitle "CBM 082 Extra"]
[Source "ChessBase"]
[SourceDate "2001.07.03"]
[SourceVersion "1"]
[SourceVersionDate "2001.07.03"]
[SourceQuality "1"]
[WhiteTeam "Erfurt Empor"]
[BlackTeam "Griesheim"]
[WhiteTeamCountry "GER"]
[BlackTeamCountry "GER"]

1. e4 d5 2. exd5 Qxd5 3. Nc3 Qd6 4. d4 Nf6 5. Be2 a6 6. h3 Nbd7 7. Nf3 e6 8. Bg5 c5 9. Qd2 b5 10. Rd1 Bb7 11. 0-0 Be7 12. dxc5 1/2-1/2

[Event "Oberliga Ost-B 9900"]
[Site "Germany"]
[Date "2000.03.12"]
[Round "9.4"]
[White "Brecht, Anselm"]
[Black "Klings, Peter"]
[Result "1-0"]
[WhiteElo "2280"]
[BlackElo "2223"]
[PlyCount "43"]
[EventDate "1999.10.??"]
[EventType "team"]
[EventRounds "11"]
[EventCountry "GER"]
[SourceTitle "EXT 2002"]
[Source "ChessBase"]
[SourceDate "2001.11.25"]
[SourceVersion "1"]
[SourceVersionDate "2001.11.25"]
[SourceQuality "1"]

1. c4 Nf6 2. Nc3 e6 3. e4 e5 4. g3 Nc6 5. Bg2 Bc5 6. h3 a6 7. Nge2 d6 8. 0-0 Be6 9. d3 Qd7 10. Kh2 h5 11. Nd5 Ng8 12. Be3 Nh6 13. d4 Ba7 14. Qd2 0-0-0 15. Rad1 h4 16. g4 Bxg4 17. hxg4 Nxg4+ 18. Kh1 h3 19. Bf3 exd4 20. Nxd4 Nxe3 21. Nxc6 Nxf1 22. Nde7+ 1-0

[Event "Oberliga Ost-B 9900"]
[Site "Germany"]
[Date "2000.01.09"]
[Round "5.4"]
[White "Liebold, Thomas"]
[Black "Brecht, Anselm"]
[Result "1/2-1/2"]
[WhiteElo "2160"]
[BlackElo "2280"]
[PlyCount "66"]
[EventDate "1999.10.??"]
[EventType "team"]
[EventRounds "11"]
[EventCountry "GER"]
[SourceTitle "EXT 2002"]
[Source "ChessBase"]
[SourceDate "2001.11.25"]
[SourceVersion "1"]
[SourceVersionDate "2001.11.25"]
[SourceQuality "1"]

1. e4 d5 2. exd5 Qxd5 3. Nc3 Qd6 4. d4 Nf6 5. Bc4 Bg4 6. f3 Bf5 7. Nge2 Nc6 8. 0-0 0-0-0 9. Be3 e5 10. Nb5 Qb4 11. Bd3 Bxd3 12. Qxd3 a6 13. Na3 exd4 14. Bf2 Kb8 15. Rfd1 Bc5 16. Nc4 Ba7 17. a3 Qe7 18. Re1 Qd7 19. Rad1 Rhe8 20. h3 h6 21. a4 Re6 22. Kf1 Ree8 23. Rd2 Ne5 24. Qb3 Qd5 25. Nxe5 Qxb3 26. cxb3 Rxe5 27. Red1 Red5 28. Bxd4 Bxd4 29. Rxd4 Kc8 30. Kf2 R8d6 31. Rxd5 Rxd5 32. Rxd5 Nxd5 33. Nd4 g6 1/2-1/2

[Event "Oberliga Ost-B 9900"]
[Site "Germany"]
[Date "1999.11.07"]
[Round "3.4"]
[White "Brecht, Anselm"]
[Black "Thoma, Christian"]
[Result "0-1"]
[WhiteElo "2280"]
[BlackElo "2242"]
[PlyCount "74"]
[EventDate "1999.10.??"]
[EventType "team"]
[EventRounds "11"]
[EventCountry "GER"]
[SourceTitle "EXT 2002"]
[Source "ChessBase"]
[SourceDate "2001.11.25"]
[SourceVersion "1"]
[SourceVersionDate "2001.11.25"]
[SourceQuality "1"]

1. d4 d5 2. Nf3 Nf6 3. Bf4 c5 4. c3 Qb6 5. Qb3 c4 6. Qxb6 axb6 7. Nbd2 b5 8. a3 Nc6 9. Rc1 Bf5 10. Nh4 Bd7 11. h3 h6 12. Nhf3 Bf5 13. e3 e6 14. Be2 Be7 15. Bd1 0-0 16. Bc2 Bxc2 17. Rxc2 b4 18. Ke2 bxa3 19. bxa3 Bxa3 20. Rb1 Ra7 21. Rb5 Rfa8 22. Nb1 Ne4 23. Nfd2 Nxd2 24. Nxd2 Rd8 25. Ra2 Rd7 26. Rb1 Be7 27. Rab2 Bd8 28. Rc2 Ra3 29. e4 Ba5 30. Rbc1 b5 31. Nb1 Ra1 32. exd5 exd5 33. Be3 Re7 34. Rd1 f5 35. g3 g5 36. Kd2 b4 37. cxb4 Nxb4 0-1

[Event "Oberliga Ost-B 9899"]
[Site "Germany"]
[Date "1999.??.??"]
[Round "?"]
[White "Brecht, Anselm"]
[Black "Henrich, Thomas"]
[Result "1-0"]
[WhiteElo "2280"]
[BlackElo "2445"]
[PlyCount "79"]
[EventDate "1998.10.??"]
[EventType "team"]
[EventRounds "11"]
[EventCountry "GER"]
[SourceTitle "EXT 2000"]
[Source "ChessBase"]
[SourceDate "1999.11.16"]
[SourceVersion "1"]
[SourceVersionDate "1999.11.16"]
[SourceQuality "1"]

1. Nf3 Nf6 2. g3 d5 3. Bg2 g6 4. c4 Bg7 5. 0-0 0-0 6. cxd5 Nxd5 7. Nc3 Nb6 8. d3 Nc6 9. Be3 e5 10. Qd2 Re8 11. Bh6 Bh8 12. Ne4 Bf5 13. Nc5 Qc8 14. Ng5 f6 15. Bxc6 bxc6 16. Nge4 Re7 17. f3 Qe8 18. Be3 Nd5 19. Bf2 Rb8 20. Rfc1 Bc8 21. Nb3 f5 22. Nec5 a6 23. Rc4 Nf6 24. e4 fxe4 25. dxe4 Qf7 26. Rc3 Ne8 27. Na5 Rb6 28. Ncb3 Rd7 29. Qe2 Rb5 30. Nxc6 Rd6 31. Rd1 Be6 32. Rxd6 cxd6 33. Nd8 Qd7 34. Nxe6 Qxe6 35. Qc4 d5 36. exd5 Qxd5 37. Kf1 Nd6 38. Qxd5+ Rxd5 39. Rc6 e4 40. fxe4 1-0

[Event "Oberliga Ost-B 9899"]
[Site "Germany"]
[Date "1999.??.??"]
[Round "?"]
[White "Gnauk, Reinhard"]
[Black "Brecht, Anselm"]
[Result "1/2-1/2"]
[WhiteElo "2210"]
[BlackElo "2280"]
[PlyCount "31"]
[EventDate "1998.10.??"]
[EventType "team"]
[EventRounds "11"]
[EventCountry "GER"]
[SourceTitle "EXT 2000"]
[Source "ChessBase"]
[SourceDate "1999.11.16"]
[SourceVersion "1"]
[SourceVersionDate "1999.11.16"]
[SourceQuality "1"]

1. e4 d5 2. exd5 Qxd5 3. Nc3 Qd6 4. g3 Nf6 5. Bg2 c6 6. Nf3 Bf5 7. d3 e6 8. 0-0 Qc7 9. Bf4 Bd6 10. Bxd6 Qxd6 11. Qe2 Nbd7 12. Ne4 Qc7 13. Nxf6+ Nxf6 14. Ne5 Nd7 15. Nxd7 Qxd7 16. Qe3 1/2-1/2

[Event "Oberliga Ost B 9798"]
[Site "Germany"]
[Date "1998.??.??"]
[Round "?.2"]
[White "Brecht, Anselm"]
[Black "Duncker, Joachim"]
[Result "1/2-1/2"]
[WhiteElo "2275"]
[BlackElo "2265"]
[PlyCount "24"]
[EventDate "1997.09.??"]
[EventType "team"]
[EventRounds "11"]
[EventCountry "GER"]
[SourceTitle "EXT 1999"]
[Source "ChessBase"]
[SourceDate "1998.11.16"]
[SourceVersion "1"]
[SourceVersionDate "1998.11.16"]
[SourceQuality "1"]

1. e4 c5 2. Nf3 Nc6 3. Bb5 g6 4. 0-0 Bg7 5. Re1 Nf6 6. Bxc6 dxc6 7. d3 Bg4 8. h3 Bxf3 9. Qxf3 Nd7 10. Nd2 Qa5 11. Qe2 b5 12. Nf3 Ne5 1/2-1/2

[Event "Oberliga Ost-B 9899"]
[Site "Germany"]
[Date "1998.??.??"]
[Round "?"]
[White "Brecht, Anselm"]
[Black "Kuban, Guenter"]
[Result "0-1"]
[WhiteElo "2280"]
[BlackElo "2250"]
[PlyCount "77"]
[EventDate "1998.10.??"]
[EventType "team"]
[EventRounds "11"]
[EventCountry "GER"]
[SourceTitle "EXT 2000"]
[Source "ChessBase"]
[SourceDate "1999.11.16"]
[SourceVersion "1"]
[SourceVersionDate "1999.11.16"]
[SourceQuality "1"]

1. d4 d5 2. Nf3 Nf6 3. Bf4 e6 4. Nbd2 Bd6 5. Bg3 c5 6. e3 0-0 7. c3 b6 8. Ne5 Qe7 9. Bh4 Nbd7 10. f4 Kh8 11. Bd3 Qe8 12. Qb1 Bxe5 13. dxe5 Ng4 14. e4 f6 15. exf6 gxf6 16. 0-0 Qh5 17. Qe1 Nh6 18. Rf3 c4 19. Bc2 Nc5 20. exd5 Qxd5 21. Ne4 Ng4 22. Rd1 Qc6 23. h3 Bb7 24. Nd6 Nh6 25. Nxb7 Qxb7 26. b4 cxb3 27. axb3 Nf5 28. b4 Nxh4 29. Qxh4 Ne4 30. Re3 f5 31. Bxe4 fxe4 32. Rd4 Qg7 33. Rdxe4 Rg8 34. g4 Raf8 35. Rxe6 Rxf4 36. Re7 Qg6 37. Qg3 Rgf8 38. Re1 Qc2 39. Re8 0-1

[Event "BL2-West 9697"]
[Site "Germany"]
[Date "1997.??.??"]
[Round "?.3"]
[White "Hogenacker, Jacques"]
[Black "Brecht, Anselm"]
[Result "1/2-1/2"]
[WhiteElo "2320"]
[BlackElo "2270"]
[PlyCount "83"]
[EventDate "1996.10.??"]
[EventType "team-tourn"]
[EventRounds "9"]
[EventCountry "GER"]
[SourceTitle "GER-chT2"]
[Source "ChessBase"]
[SourceDate "1999.07.01"]
[SourceVersion "1"]
[SourceVersionDate "1999.07.01"]
[SourceQuality "1"]
[WhiteTeam "Koeln KKS"]
[BlackTeam "Griesheim"]
[WhiteTeamCountry "GER"]
[BlackTeamCountry "GER"]

1. e4 d5 2. exd5 Qxd5 3. Nc3 Qd6 4. g3 Nf6 5. Bg2 c6 6. Nf3 Bf5 7. 0-0 e6 8. d3 Qc7 9. Qe2 Nbd7 10. Ne4 Nxe4 11. dxe4 Bg4 12. h3 Bh5 13. Bf4 e5 14. Be3 Be7 15. Qc4 0-0 16. a4 Rfd8 17. Qc3 f6 18. a5 Bf7 19. Rfd1 Nf8 20. Rxd8 Qxd8 21. Bf1 Ne6 22. Bc4 Qd7 23. Kg2 Bf8 24. Ne1 h6 25. h4 g5 26. hxg5 hxg5 27. Nd3 Bd6 28. Qb3 Kg7 29. Rh1 a6 30. f3 Rh8 31. Rxh8 Kxh8 32. g4 Kg7 33. Nc1 Bc5 34. Ne2 Bxe3 35. Bxe6 Qd2 36. Bc4 Bxc4 37. Qxc4 Qe1 38. Ng3 Qf2+ 39. Kh3 Qxf3 40. Qe6 Bf4 41. Qe7+ Kg8 42. Qe8+ 1/2-1/2